Decentralizácia verejnej správy v SR - vývoj v rokoch 1993-2008 bakalárska práca

Uložené v:
Podrobná bibliografia
Hlavný autor: Bátora, Pavel
Korporativný autor: Národohospodárska fakulta EU. Katedra financií
Ďalší autori: Neupauerová, Zuzana
Médium: Kniha
Jazyk:Slovak
Vydavateľské údaje: Bratislava 2010
Tagy: Pridať tag
Žiadne tagy, Buďte prvý, kto otaguje tento záznam!

MARC

LEADER 00000nam$a2200000$$$4500
001 0136524
005 20240320074030.1
041 0 |a slo 
044 |a SK 
245 1 0 |a Decentralizácia verejnej správy v SR - vývoj v rokoch 1993-2008  |b bakalárska práca  |c Pavel Bátora ; školiteľ: Zuzana Neupauerová 
264 1 |a Bratislava  |c 2010 
300 |a 36 s. 
100 1 |a Bátora, Pavel 
700 1 |a Neupauerová, Zuzana 
710 2 |a Národohospodárska fakulta EU. Katedra financií